| 000 | 00753nam a2200205Ii 4500 | ||
|---|---|---|---|
| 003 | JO-AjNU | ||
| 008 | 230605s9999||||xx |||||||||||||| ||und|| | ||
| 040 |
_aJO-AjNU _bara _erda _cJO-AjNU |
||
| 041 | _aara | ||
| 050 | 1 | 4 | _aPJ347.M37 1991 |
| 100 | 3 |
_aمترجم مصطفى رسول ,عز الدين; مراجع ضياء نافع, _eauthor _97025 |
|
| 245 | 0 | 0 | _aالمسائل النظرية في الآداب الشرقية |
| 250 | _aط1 | ||
| 264 | 3 | 1 | _aبغداد:دار الشؤون الثقافية العامة,1991 |
| 300 | _a506ص | ||
| 336 |
_atext _btxt _2rdacontent |
||
| 337 |
_aunmediated _bn _2rdamedia |
||
| 338 |
_avolume _bnc _2rdacarrier |
||
| 650 | 4 |
_aالمسائل النظرية في الآداب الشرقية-الآداب _97026 |
|
| 999 |
_aA70 _c3638 _d3638 |
||